000 05080nam a2200973 a 4500
005 20250801123252.0
008 130729t2025 sp a|||f |||| 001 0 spa d
020 _a9788410022300
041 _aspa
092 _c616.07
_l57
_sNOR
100 1 _aNorris, Tommie L.
_eEd.
_94154
245 _aPorth. Fisiopatología.
_bAlteraciones de la salud. Conceptos básicos /
_cTommie L. Norris
250 _a11a ed.
_bTraducción Doctores de Palabras. Revisión científica Jorge de la Cruz Tapia ; Bardo Andrés Lira Mendoza ; Gustavo Arturo Mezzano ; Karina Griselda Pérez Rubio ; Hena Guadalupe Pineda Rivera ; Grisel Emilia Uribe Martínez y Luis Felipe Villegas Alvarán
260 _aBarcelona:
_bWolters Kluwer;
_c2025.
300 _a1632 p.
500 _aNorris, T. L. et al. (2025). Porth. Fisiopatología. Alteraciones de la salud. Conceptos básicos. (11a ed.). Barcelona : Wolters Kluwer.
653 _aConceptos de salud y enfermedad
653 _aFunción y crecimiento celulares
653 _aCaracterísticas de células y tejidos
653 _aAdaptación, daño y muerte celular
653 _aControl genético de la función celular y la herencia
653 _aTrastornos genéticos y congénitos
653 _aNeoplasias
653 _aAlteraciones de la función integradora
653 _aEstrés y adaptación
653 _aAlteraciones del equilibrio hidroelectrolítico y acidobásico
653 _aInfección, inflamación e inmunidad
653 _aInflamación, reparación tisular y cicatrización de heridas
653 _aMecanismos de la enfermedad infecciosa
653 _aInmunidad innata e inmunidad adaptativa
653 _aAlteraciones de la respuesta inmunitaria, incluido el VIH/sida
653 _aAlteraciones de la función neurológica
653 _aOrganización y control de la función neuralógica
653 _aFunción somatosensitiva, dolor, cefalea y regulación de la temperatura
653 _aAlteraciones de la función motora
653 _aAlteraciones de la función cerebral
653 _aSueño y trastornos del sueño
653 _aTrastornos del pensamiento, las emociones y la memoria
653 _aAlteraciones de las funciones sensoriales especiales
653 _aAlteraciones de la función visual
653 _aAlteraciones de la audición y la función vestibular
653 _aAlteraciones del sistema hematopoyético
653 _aElementos formes y sistema hematopoyético
653 _aAlteración de la hemostasia
653 _aAlteraciones de los eritrocitos
653 _aAlteraciones de los leucocitos y los tejidos linfáticos
653 _aAlteraciones de la función cardiovascular
653 _aEstructura y función del sistema cardiovascular
653 _aAlteraciones del flujo sanguíneo y la regulación de la presión arterial
653 _aAlteraciones de la función cardíaca e insuficiencia cardíaca y choque circulatorio
653 _aAlteraciones de la conducción y el ritmo cardíacos
653 _aAlteraciones de la función respiratoria
653 _aEstructura y función del aparato respiratorio
653 _aInfecciones, neoplasias y alteraciones pediátricas de las vías respiratorias
653 _aAlteraciones de la ventilación y el intercambio gasesoso
653 _aAlteraciones de la función renal
653 _aEstructura y función de los riñones
653 _aAlteraciones de la función renal
653 _aLesión renal aguda y enfermedad renal crónica
653 _aAlteraciones de la vejiga y las vías urinarias inferiores
653 _aAlteraciones de la función digestiva
653 _aEstructura y función del aparato digestivo
653 _aAlteraciones de la función digestiva
653 _aAlteraciones de la función hepatobiliar y el páncreas exocrino
653 _aAlteraciones del estado nutricional
653 _aAlteraciones de la función endocrina
653 _aMecanismos de control endocrino
653 _aAlteraciones del control endocrino del crecimiento y el metabolismo
653 _aAlteraciones de la función genitourinaria y reproductiva
653 _aEstructura y función del aparato genitourinario masculino
653 _aAlteraciones del aparato reproductor masculino
653 _aEstructura y función del aparato reproductor femenino
653 _aAlteraciones del aparato reproductor femenino
653 _aInfecciones de transmisión sexual
653 _aAlteraciones de la función musculoesquelética
653 _aEstructura y función del sistema musculoesquelético
653 _aTraumatismos, infecciones y neoplasias de las estructuras musculoesqueléticas
653 _aAlteraciones metabólicas y del desarrollo musculoesquelético, intolerancia a la actividad y fatiga
653 _aEnfermedades reumáticas
653 _aAlteraciones de la función tegumentaria
653 _aEstructura y función de la piel
653 _aAlteraciones de la integridad y la función de la piel
942 _2ddc
_cBK
999 _c3298
_d3298